000
00312nam a2200145Ia 4500
008
230523s9999 xx 000 0 und d
082
_a
174.4 RAJ
100
_a
Raj, Rituparna
245
0
_a
Study in Business Ethics
260
_a
Mumbai
260
_b
Himalaya
260
_c
2014
300
_a
166
942
_c
TB
999
_c
2473
_d
2473